000 01351cam a22003857a 4500
003 CHAP
005 20220329142224.0
008 000225d1984 us a r 00010 eng d
010 _a80119
011 _a81091
020 _a0893272531
035 _a91552
040 _cCHAP
082 0 4 _a581.508
_bP7
100 0 0 _aPrance, Ghillean Tolmie
_eed.
_991295
245 1 0 _aEthnobotany in the neotropics
_c/ed. by G. T. Prance and J. A. Kallunki
260 _aBronx, New York :
_bThe New York Botanical Center,
_c1984.
300 _a156 p. :
_bilus.
410 2 _aThe New York Botanical Garden
490 0 _aAdvances in economic botany
_v; 1
590 _aBATCH-UPD
_b10
_c20130110
_lUCH01
_h0108
590 _aBATCH-UPD
_b10
_c20130110
_lUCH01
_h0832
590 _aBATCH-UPD
_b10
_c20130410
_lUCH01
_h0510
590 _aBATCH-UPD
_b10
_c20130914
_lUCH01
_h1330
590 _aCONVERSION
_b10
_c20130109
_lUCH01
_h1344
650 1 4 _aEtnobotánica.
_938611
700 0 _aKallunki, J. A.
_eed.
_962631
711 0 _aEthnobotany Neotropics Symposium (1983 : Oxford, Ohio) : proceedings...
_938595
810 0 0 _aThe New York Botanical Garden
_9112690
830 0 0 _aAdvances in economic botany
_v; 1
_9989
901 _aBK
905 _aBlanca M. GarcĂ­a O.
942 _cLIBRO
949 _a581.508 P7
_bBC
_cLIBRO
_d33724000739876
_eLIBRO
_h96369
_i91552
_si
_t$368.00
999 _c80119
_d80119